[Event "THA-ch Rapid"]
[Site "Bangkok"]
[Date "2023.12.07"]
[Round "11"]
[White "Niramitpattanakoson, Ditsapat"]
[Black "Thongkonsing, Prathak"]
[Result "1-0"]
[WhiteElo "1645"]
[BlackElo "1228"]
[PlyCount "105"]
[EventDate "2023.12.05"]
[EventType "swiss (rapid)"]
[EventRounds "13"]
[EventCountry "THA"]
[SourceTitle "CB50_2023"]
[SourceDate "2023.12.13"]
[SourceVersion "1"]
[SourceVersionDate "2023.12.13"]
[SourceQuality "1"]

1. e4 c6 2. d4 d5 3. e5 c5 4. Nf3 cxd4 5. Nxd4 Nc6 6. Bb5 Bd7 7. Nc3 Qc7 8. Bf4 e6 9. 0-0 Nge7 10. Bxc6 bxc6 11. Ncb5 cxb5 12. Qd3 Qc4 13. Qe3 Ng6 14. Bg3 Bc5 15. c3 b4 16. h4 bxc3 17. bxc3 Bxd4 18. cxd4 Ne7 19. Rfc1 Nf5 20. Qa3 Qa4 21. Qc5 Qxd4 22. Qa3 Nxg3 23. Qxg3 0-0 24. h5 h6 25. Rab1 Rfc8 26. Rxc8+ Rxc8 27. Rb7 Qd1+ 28. Kh2 Rc1 29. Qf4 Qh1+ 30. Kg3 Rc3+ 31. f3 Qxh5 32. Rxd7 Qg5+ 33. Qxg5 hxg5 34. Rxa7 d4 35. Kf2 Rc5 36. Ke2 Rxe5+ 37. Kd3 Rd5 38. Ra8+ Kh7 39. a4 Kg6 40. a5 e5 41. g4 f6 42. a6 Ra5 43. a7 Ra4 44. Ke4 Kf7 45. Kd3 g6 46. Rh8 f5 47. a8Q Rxa8 48. Rxa8 e4+ 49. fxe4 fxe4+ 50. Kxe4 Ke6 51. Kxd4 Kd6 52. Ra6+ Ke7 53. Rxg6 1-0